| 000 | 01236cam a22003137a 4500 | ||
|---|---|---|---|
| 999 |
_c18325 _d18297 |
||
| 001 | 17740474 | ||
| 003 | EG-ScBUE | ||
| 005 | 20201125063850.0 | ||
| 008 | 130516t2013 enka f 000 0 eng d | ||
| 020 | _a9781133313878 (pbk. : student's book) | ||
| 040 |
_aAU@ _beng _erda _cAU@ _dEG-ScBUE |
||
| 082 | 0 | 4 |
_a428.34 _bHAR _222 |
| 100 | 1 |
_aHarrison, L. _q(Louis) _eauthor. _936014 |
|
| 245 | 1 | 0 |
_aAchieve IELTS 2 : _bEnglish for International education : upper intermediate-advanced band 5.5-7 + CEFR B2-C1 : student's book / _cLouis Harrison, Caroline Cushen, Susan Hutchinson. |
| 250 | _aSecond edition. | ||
| 264 | 1 |
_aAndover, Hampshire, United Kingdom : _bHeinle/Cengage Learning : _bNational Geographic Learning, _c[2013] |
|
| 264 | 4 | _cc 2013 | |
| 300 |
_a175 pages : _billustrations ; _c28 cm |
||
| 336 |
_2rdacontent _atext _btxt |
||
| 337 |
_2rdamedia _aunmediated _bn |
||
| 338 |
_2rdacarrier _avolume _bnc |
||
| 590 | _ashimaahisham | ||
| 650 | 7 |
_aInternational English Language Testing System _vStudy guides. _2BUEsh _936012 |
|
| 653 |
_cJune2014 _bHHUUEENN |
||
| 655 |
_vReading book _934232 |
||
| 700 | 1 |
_aCushen, Caroline, _eauthor. _936019 |
|
| 700 | 1 |
_aHutchinson, Susan, _eauthor. _936020 |
|
| 942 |
_2ddc _k428.0076 HAR _cBB |
||